000 00540nam a22001577a 4500
005 20260204081602.0
008 260204b |||||||| |||| 00| 0 eng d
020 _a9789710439287
040 _cJHCSC
082 _a004 Av948 2007
100 _910115
_aFredie V. AvendaƱo | Joemar A. Garraton
_eAuthor
245 _aBasic Computer Design
_bA Simple Guide to MS Publisher
_cFredie V. AvendaƱo | Joemar A. Garraton
260 _aBaesa, Quezon City
_bSmartbooks Publishing
_cc2007
300 _av, 152 pages.
_billustrations
942 _2ddc
_cBOOK
999 _c11323
_d11323